Parole che iniziano con la "M" - Statistics

Statistiche generali
  • Questo quiz è stato fatto 336 volte
  • Il punteggio medio è 7 su 15
Statistiche sulle risposte
INDIZIO RISPOSTA % Corretto
Quando si lavora duramente, più del dovuto, si dice: "mi sono fatto un ____" Mazzo
96%
Solitamente riferito all'Italia: "Spaghetti, mafia e _________" Mandolino
87%
Successione di suoni piacevoli emanati da uno strumento Melodia
85%
Luogo dove si ritirano i frati, le suore ed anche laici consacrati Monastero
85%
E' il romanzo più conosciuto dello scrittore Giovanni Verga (pubblicato nel 1881) Malavoglia
73%
Sinonimo di bordi Margini
59%
Masso di grandi dimensioni Macigno
48%
Contratto che coinvolge la persona che presta soldi e la persona che si impegna a restituirli Mutuo
38%
Organismi pluricellulari appartenenti al regno dei funghi Muffa
32%
Macchina della Volkswagen prodotta dal 1938 al 2003 Maggiolino
25%
Sono i carboidrati più semplici e rappresentano i monomeri degli altri gruppi di zuccheri Monosaccaridi
25%
Potere soprannaturale che permette di compiere azioni normalmente impossibili Magia
19%
In era medioevale era un alimento molto mangiato dai contadini (assieme al pane e legumi) Minestra
13%
Malattia per lo più grave, contagiosa e epidemica Morbo
10%
Persona che è solita a presumere delle proprie possibilità economiche o intellettuali Megalomane
5%
Nessun quiz corrispondente trovato
Distribuzione punteggi
Percentuale di utenti per punteggio
Percentile per numero di risposta
I tuoi punteggi nel tempo
Non hai fatto questo quiz